Responses for show #1620 - Friday, September 20, 1991

Contestants

Vicky Ficco, a registered nurse from Tappan, New York

Seth Davis, an environmental lawyer from Croton-on-Hudson, New York

Kerrie McCaw, a retail supervisor originally from Portland, Oregon (whose 1-day cash winnings total $20,000)

[next game >>]

Jeopardy! Round responses

SCIENCE & NATURE
TRAVEL & TOURISM
FAIRIES & FOLKLORE
MAGAZINES
BROADWAY LYRICS
GREAT NICKNAMES
    $100 10
a toadstool

Kerrie
    $100 15
Australia

Seth
    $100 1
the water

Seth
    $100 12
Playboy

Vicky
    $100 5
Maria

Seth
    $100 22
Abraham Lincoln

Kerrie
    $200 27
apogee

Kerrie
    $200 16
Universal Studios

Vicky
    $200 2
brownies

Seth
    $200 13
Gloria Steinem

Kerrie
    $200 6
my parade

Seth
    $200 23
Reagan

Kerrie
    $300 28
(Kerrie: What is nitrogen?)

(Seth: What is hydrogen?)

carbon dioxide

KerrieSethVicky
    $300 17
Spain

Vicky
    $300 3
Morgan le Fay

Seth
    $300 14
(Walter) Annenberg

Seth
    $300 7
(Seth: What is fall in love? (pause) Before?)

(Alex: We'll accept that. Never [*])

fell in love

Seth
    $300 24
Henry Clay

Seth
    $400 29
cartilage

Kerrie
    $400 18
Kuala Lumpur

Seth
    $400 4
changelings

Vicky
    $400 20
Washington

Vicky
    $400 8
a surrey with a fringe on top

Seth
    $400 25
John Barrymore

Seth
    $500 30
leukocyte

Seth
    $500 19
(Seth: What is Belgium?)

(Kerrie: What is England?)

France

KerrieSeth
Triple Stumper
    $500 11
Queen of the Fairies

Kerrie
    $500 21
Rolling Stone

Seth
    $500 9
(Alex: Well done in Broadway lyrics. (applause). Aren't you glad you saw all those shows?)

45 minutes

Seth
    $500 26
Muhammad Ali

Seth

Scores at the first commercial break (after clue 14):

Kerrie Seth Vicky
$800 $2,400 $500

Scores at the end of the Jeopardy! Round:

Kerrie Seth Vicky
$900 $4,300 $1,700

Double Jeopardy! Round responses

THE 1970s
ARTISTS
RIVERS
NOVELS
GAMBLING
ODDS & ENDS
    $200 10
Haile Selassie

Kerrie
    $200 21
Paris

Vicky
    $200 26
the Hudson

Seth
    $200 1
Benedict Arnold

Seth
    $200 6
dice

Seth
    $200 14
the American Express Card

Vicky
    $400 11
Janis Joplin

Seth
    $400 22
Titian

Vicky
    $400 27
the Volga

Vicky
    $400 2
go home

Kerrie
    $2,800 7
(Seth: What is an exacta?)
(Alex: Oh, sorry. That's when you pick the first and second place finishers in one race. The combination of first and second is called [*]).
[Audience laughs]

the daily double

Seth
    $400 15
gefilte fish

Kerrie
    $600 12
(Anwar) Sadat

Seth
    $600 23
(Salvador) DalĂ­

Kerrie
    $600 28
the Mersey

Kerrie
    $600 3
(Vicky: What is a locket?)

a jail

Vicky
Triple Stumper
    $600 8
draw

Vicky
    $600 16
Mudville

Kerrie
    $800 19
Entebbe

Seth
    $800 24
(Diego) Rivera

Kerrie
    $800 29
(Vicky: What is Natal?)

Transvaal

SethVicky
    $800 4
(Sir Edward) Elgar

Vicky
    $800 9
(Seth: What is craps?)
(Vicky: What is blackjack?)

roulette

KerrieSethVicky
    $800 17
Imelda Marcos

Vicky
    $1000 20
North & South Vietnam

Vicky
    $1000 25
Pennsylvania & Maine

Triple Stumper
    $2,000 30
the Rhone

Seth
    $1000 5
(John) Galsworthy

Seth
    $1000 13
Utah

Vicky
    $1000 18
a clown

Seth

Scores at the end of the Double Jeopardy! Round:

Kerrie Seth Vicky
$5,300 $7,900 $4,900

[wagering suggestions for these scores]

Final Jeopardy! Round responses

U.S. PRESIDENTS
VickyWho was John Adams?
$4,900
KerrieWho is Tho. Jefferson?
$5,300
SethWho was Jefferson?
$2,701
Thomas Jefferson

Final scores:

Kerrie Seth Vicky
$10,600 $10,601 $0
2nd place: a set of Pinseeker custom-made golf clubs + a hammock from Hatteras New champion: $10,601 3rd place: the Dauville diamond watch collection by Armitron + the Nintendo Entertainment System featuring Super Jeopardy! & Wheel of Fortune

Game dynamics:

Coryat scores:

Kerrie Seth Vicky
$5,300 $9,700 $4,900
15 R
(including 1 DD),
2 W
26 R
(including 1 DD),
4 W
(including 1 DD)
15 R,
3 W

Combined Coryat: $19,900

The J! Archive is created by fans, for fans. The Jeopardy! game show and all elements thereof, including but not limited to copyright and trademark thereto, are the property of Jeopardy Productions, Inc. and are protected under law. This website is not affiliated with, sponsored by, or operated by Jeopardy Productions, Inc. Join the discussion at JBoard.tv.